• 首页
  • 本馆介绍
  • 公告通知
  • 最新文献
  • 馆藏检索
  • 电子资源
  • 读者导购
  • 参考咨询
  • 我的图书馆
  • 登录
  • 详细信息显示
  • 放入我的书架
  • 预约/预借图书
  • 作者相关作品
  • 分类相关作品
  • 丛书相关作品
  • 出版社相关作品

书目信息

  • 表格格式
  • 工作单格式
  • 卡片格式
书名: Exploring black & white photography
作者: Arnold Gassan
分册号:
分册名:
出版地: Dubuque, Iowa :
 
出版社: W.C. Brown
出版时间: c1989.
页数: viii, 246p. :
开本: 28 cm.
丛书名:
中图分类号:
科图分类号:
其他分类号: J40
主题词:
电子资源:
000 00995nam 2200301 a 4500
001 E0753944859
005 20070317150049.98
008 880331s1989 iaua 00110 eng
008 uu
010    @a88070900 //r92
020    @z06970349101 (pbk.).
020    @a0-697-12523-8.
040    @aDLC @cDLC @dDLC
049    @aN5LA
050 00 @aTR145 @b.G27 1989
082 00 @a770 @220
090    @a2-91/TB8/G25//////1009802
090    @aJ40
096    @aTB8 @v2
099    @dJ40@ex7=2
100 10 @aGassan, Arnold.
245 10 @aExploring black & white photography / @cArnold Gassan@s (second edition)
260 0  @aDubuque, Iowa :@bW.C. Brown,@cc1989.
300    @aviii, 246p. :@bill. ;@c28 cm.
500    @aIncludes index.
650  0 @aPhotography.
740 01 @aExploring black and white photography. @b00 @c20020930 @lNLC09 @h2250 @b00 @c20021020 @lNLC09 @h1702 @lNLC09 @h2346 @lNLC09 @h1937 @b00 @c20030601 @lNLC09 @h1919
852 9  @bWWJC @cJ08N @k2-91 @hTB8 @iG25
    
    Exploring black & white photography / / Arnold Gassan ( (second edition)).-Dubuque, Iowa : : W.C. Brown, , c1989.
    viii, 246p. : : ill. ; ; 28 cm.
    Includes index.
    
    ISBN
    
●
相关链接 在E读中查询图书 在五车中查询图书 在当当中查询图书 在豆瓣中查询图书


正题名:Exploring black & white photography     索取号:J40/x7=2         预约/预借

序号 登录号 条形码 馆藏地/架位号 状态 备注
1 0002631   300026317   第二样本阅览室/ [索取号:J40/x7=2] 在馆    
唐山师范学院图书馆 欢迎您!
大连网信软件有限公司© 版权所有